Statistics for James Brown to Mark Twain (Word Chain)

Click here to take the quiz!

General Stats

  • This quiz has been taken 373 times
  • The average score is 15 of 22

Answer Stats

HintAnswer% Correct
Helps you keep track of where you left off in your readingBookmark
83%
A grizzly for exampleBrown Bear
83%
A member of a fire departmentFireman
83%
Tom Brady, Joe Montana, Russell Wilson...Quarterback
83%
A strip of hair grown by a man down each side of the faceSideburn
83%
A personal storage unit for holding clothing while travelingSuitcase
77%
HumanityMankind
76%
A criminal fugitiveOutlaw
73%
A state of emotional, physical, and mental exhaustionBurnout
72%
A claim or dispute brought to a court of lawLawsuit
72%
Explosion produced by a running internal combustion engineBackfire
70%
Location where important functions of an organization are coordinatedHeadquarter
70%
Late night flightRedeye
69%
A type of rugBearskin
64%
One's family and relationsKindred
63%
social work directly concerned with individualsCasework
59%
Contains a student's instruction and exercises relating to a particular subjectWorkbook
59%
1960s UK working class, subcultureSkinhead
58%
To look or stare at closelyEyeball
46%
The edge of a roadWayside
42%
A sports stadium or fieldBallpark
39%
An open landscaped highwayParkway
38%

Score Distribution

Percentile by Number Answered

Percent of People with Each Score

Your Score History

You have not taken this quiz